טוען...
Climate : present, past and future. V 1 : Fundamentals and climate now
| מחבר ראשי: | |
|---|---|
| פורמט: | Printed Book |
| שפה: | Undetermined English |
| יצא לאור: |
London
Methuen And Co
1972
|
| נושאים: |
| LEADER | 00597nam a2200181Ia 4500 | ||
|---|---|---|---|
| 008 | 140306s9999 xx 000 0 und d | ||
| 041 | |a eng | ||
| 082 | |a 551 |b LAM/CL | ||
| 100 | |a Lamb, H H | ||
| 245 | |a Climate : present, past and future. V 1 : Fundamentals and climate now | ||
| 260 | |a London |b Methuen And Co |c 1972 | ||
| 300 | |a 613 | ||
| 365 | |b UKP 11.00 | ||
| 650 | |a Atmosphere | ||
| 650 | |a Climatology | ||
| 942 | |2 ddc |c BK | ||
| 999 | |c 108781 |d 108781 | ||
| 952 | |0 0 |1 0 |2 ddc |4 0 |6 551_000000000000000_LAMCL |7 0 |9 106154 |a KAUHCV |b KAUHCV |d 2004-03-23 |g 11.00 |o 551 LAM/CL |p KAU_HCV-4020 |r 2014-03-22 |w 2014-03-22 |y BK | ||